000 01124nam a2200277Ia 4500
999 _c5548
_d5548
003 OSt
005 20200626172725.0
008 191128s1946 sp ado gr 001 0dspa d
040 _aCO-JMCR
_cCO-JMCR
041 1 _aspa
_heng
082 0 4 _a330.157 /
_bH192t
_223
100 1 _aHayek, Friedrich A.,
_eautor
_91762
245 1 0 _aLa teoría pura del capital /
_cFriedrich A. Hayek ; traducción del inglés, prólogo y notas por Andres Sanchez Arbos
260 _aMadrid :
_bAguilar,
_c1946.
300 _axliv, 444 páginas :
_bgráficos a blanco y negro, 1 fotografía a blanco y negro ;
_c20 cm.
500 _aIncluye índice páginas 441-444.
504 _aBibliografía: páginas 431-438.
505 0 _aLa inversión en una economía sencilla -- La producción capitalista en regimen de concurrencia -- El tipo de interes en una economía monetaria
534 _pThe pure theory of capital
546 _aTraducido del inglés
650 1 4 _aTeoría económica
_96269
650 2 4 _aCapitalismo Capital
_96270
650 2 4 _aTeorías
_96271
700 1 _aSanchez Arbos, Andres,
_etraductor
_96272
942 _2ddc
_cBK